Prosa fugitiva (Record no. 68108)

MARC details
000 -LEADER
campo de control de longitud fija 00413nam a2200145 i 4500
001 - NÚMERO DE CONTROL
campo de control 68108
003 - IDENTIFICADOR DE NÚMERO DE CONTROL
campo de control ES-MaACL
007 - CAMPO FIJO DE DESCRIPCIÓN FÍSICA--INFORMACIÓN GENERAL
campo de control de longitud fija t|
008 - DATOS DE LONGITUD FIJA--INFORMACIÓN GENERAL
campo de control de longitud fija 040610s1955 sp ||||1| spa d
100 1# - ENTRADA PRINCIPAL--NOMBRE DE PERSONA
Nombre de persona Gaos, Alejandro.
9 (RLIN) 53898
245 10 - MENCIÓN DEL TÍTULO
Título Prosa fugitiva
Resto del título : entrevistas /
Mención de responsabilidad, etc. Alejandro Gaos.
260 ## - PUBLICACIÓN, DISTRIBUCIÓN, ETC.
Lugar de publicación, distribución, etc. Madrid :
Nombre del editor, distribuidor, etc. Colenda,
Fecha de publicación, distribución, etc. 1955 (
Fabricante Imp. Moderna)
300 ## - DESCRIPCIÓN FÍSICA
Extensión 206 p. :
Otras características físicas 1 retr. aut. ;
Dimensiones 19 cm.
852 ## - LOCALIZACIÓN
Ubicación ES-MaACL
Número de control de estantería C-9714
Holdings
Estatus retirado Estado de pérdida Estado de daño No para préstamo Biblioteca de origen Biblioteca actual Ubicación en estantería Fecha de adquisición Fuente de adquisición Total de préstamos Signatura topográfica completa Código de barras Visto por última vez Precio de reemplazo Tipo de ítem Koha
        Biblioteca del Ateneo de Madrid Biblioteca del Ateneo de Madrid Sala Palomar 17/01/2008     C-9714 1071301 23/02/2023 23/02/2023 Libro impreso